00565nam a2200121Ia 4500008004100000245026000041260003600301260000900337300000600346650002600352650001200378856005300390170516s9999 xx 000 0 und d aWhole Prostate Volume and Shape Changes with the Use of an Inflatable and Flexible Endorectal Coil, Murat Osman, Haytham Shebel, Sandeep Sankineni, Marcelino L. Bernardo, Dagane Daar, Bradford J. Wood, Peter A. Pinto, Peter L. Choyke, Baris Turkbey, and H bRadiology Research and Practice c2014 a: xRadiologic Technology xRadtech uhttps://www.hindawi.com/journals/rrp/contents/2/